书目信息 |
| 题名: |
用两万年修厕所
|
|
| 作者: | 光诸 著 ;夏小茶 绘 | |
| 分册: | ||
| 出版信息: | 天津 新蕾出版社 2018.11 |
|
| 页数: | 30页 | |
| 开本: | 25x26cm | |
| 丛书名: | 果壳阅读·生活习惯简史 | |
| 单 册: | ||
| 中图分类: | ||
| 科图分类: | ||
| 主题词: | 公共厕所--历史--世界--少年读物 , 环境卫生 | |
| 电子资源: | ||
| ISBN: | 978-7-5307-6769-6 | |
| 000 | 01121nam 2200289 450 | |
| 001 | 2354986794 | |
| 005 | 20231123072729.54 | |
| 010 | @a978-7-5307-6769-6@dCNY26.00 | |
| 100 | @a20181226d2018 cemy0chiy50 ea | |
| 101 | 0 | @achi |
| 102 | @aCN@b120000 | |
| 105 | @aa z 000yy | |
| 106 | @ar | |
| 200 | 1 | @a用两万年修厕所@f光诸著@g光诸, 夏小茶绘 |
| 210 | @a天津@c新蕾出版社@d2018.11 | |
| 215 | @a30页@c彩图@d25x26cm | |
| 225 | 2 | @a果壳阅读·生活习惯简史@i厕所册@v11 |
| 330 | @a本书从粪便的基本知识讲起, 介绍了两万年来, 厕所的修建及厕所用具的改良等方面的不断变迁, 解释了修建厕所的必要性, 展示出随着科技的进步, 通过厕所的不断改进, 各地的卫生条件、人们的生活质量的不断提升, 提出目前仍有一些厕所问题亟需改进, 并畅想出未来解决这些问题的智能型厕所。此外, 书中还有多处知识点讲解, 带给小读者多样的人文与自然科学的启蒙。 | |
| 410 | 0 | @12001 @a果壳阅读·生活习惯简史@i厕所册@v11 |
| 606 | 0 | @a公共厕所@x历史@y世界@j少年读物 |
| 606 | 0 | @a环境卫生 |
| 690 | @a@v5 | |
| 690 | @aR124.2@v4 | |
| 701 | 0 | @a光诸@4著@4绘 |
| 702 | 0 | @a夏小茶@4绘 |
| 801 | 0 | @aCN@b安徽时代出版发行有限公司@c20181226 |
| 905 | @dR124.2@e149 | |
| 用两万年修厕所/光诸著/光诸, 夏小茶绘.-天津:新蕾出版社,2018.11 |
| 30页:彩图;25x26cm.-(果壳阅读·生活习惯简史.厕所册;11) |
| ISBN 978-7-5307-6769-6:CNY26.00 |
| 本书从粪便的基本知识讲起, 介绍了两万年来, 厕所的修建及厕所用具的改良等方面的不断变迁, 解释了修建厕所的必要性, 展示出随着科技的进步, 通过厕所的不断改进, 各地的卫生条件、人们的生活质量的不断提升, 提出目前仍有一些厕所问题亟需改进, 并畅想出未来解决这些问题的智能型厕所。此外, 书中还有多处知识点讲解, 带给小读者多样的人文与自然科学的启蒙。 |
| ● |
| 相关链接 |
|
|
|
|
正题名:用两万年修厕所
索取号:R124.2/149
 
预约/预借
| 序号 | 登录号 | 条形码 | 馆藏地/架位号 | 状态 | 备注 |
| 1 | 1411230 | 214112306 | 第二样本阅览室/ [索取号:R124.2/149] | 在馆 | |
| 2 | 1411231 | 214112315 | 教育系资料室/ [索取号:R124.2/149] | 在馆 | |
| 3 | 1411232 | 214112324 | 教育系资料室/ [索取号:R124.2/149] | 在馆 | |
| 4 | 1411233 | 214112333 | 教育系资料室/ [索取号:R124.2/149] | 在馆 | |
| 5 | 1411234 | 214112342 | 第三借阅区/ [索取号:R124.2/149] | 在馆 |